书目信息 |
| 题名: |
傅里叶变换及其应用
|
|
| 作者: | 布拉斯维尔 著 ;杨燕昌 译 | |
| 分册: | ||
| 出版信息: | 北京 人民邮电出版社 1986 |
|
| 页数: | 521页 | |
| 开本: | 20cm | |
| 丛书名: | ||
| 单 册: | ||
| 中图分类: | O174.22 | |
| 科图分类: | ||
| 主题词: | 傅里叶积分 | |
| 电子资源: | ||
| ISBN: | ||
| 000 | 00764nam0 2200241 45 | |
| 001 | 0186010901 | |
| 005 | 20041223154454.6 | |
| 010 | @dCNY4.10 | |
| 091 | @a15045.总3093-有5432 | |
| 100 | @a19900818d1986 em y0chiy0121 ea | |
| 101 | 1 | @achi@ceng |
| 102 | @aCN@b110000 | |
| 105 | @ay z 000yy | |
| 200 | 10 | @a傅里叶变换及其应用@Afu li ye bian huan ji qi ying yong@dThe Fourier transform and its applications.@f(美)R.N.布拉斯维尔著@F(Mei)R.N.Bu La Si Wei Er Zhu@g杨燕昌译 |
| 210 | @a北京@c人民邮电出版社@d1986 | |
| 215 | @a521页@d20cm | |
| 606 | 0 | @a傅里叶积分 |
| 690 | @aO174.22@v3 | |
| 701 | 0 | @a布拉斯维尔@4著 |
| 702 | 0 | @a杨燕昌@Ayang yan chang@4译 |
| 801 | 0 | @aCN@b深圳图书馆@c20040630 |
| 801 | 2 | @aCN@bNLC@c20040630 |
| 905 | @dO174.22@e75@f1@b169219 | |
| 傅里叶变换及其应用=The Fourier transform and its applications./(美)R.N.布拉斯维尔著/杨燕昌译.-北京:人民邮电出版社,1986 |
| 521页;20cm |
| ISBN :CNY4.10 |
| ● |
| 相关链接 |
|
|
|
|
正题名:傅里叶变换及其应用
索取号:O174.22/75
 
预约/预借
| 序号 | 登录号 | 条形码 | 馆藏地/架位号 | 状态 | 备注 |
| 1 | 0169218 | 001935669 | 密集书库/ [索取号:O174.22/75] | 在馆 | |
| 2 | 0169219 | 001971263 | 第三借阅区/ [索取号:O174.22/75] | 在馆 | |
| 3 | 0169220 | 000423063 | 第二样本阅览室/ [索取号:O174.22/75] | 在馆 |